Применение метода лихеноиндикации для оценки качественного состояния атмосферного воздуха (на примере города Междуреченска); Проблемы геологии и освоения недр; Т. 2

Dades bibliogràfiques
Parent link:Проблемы геологии и освоения недр: труды XX Международного симпозиума имени академика М. А. Усова студентов и молодых ученых, посвященного 120-летию со дня основания Томского политехнического университета, Томск, 4-8 апреля 2016 г./ Национальный исследовательский Томский политехнический университет (ТПУ), Институт природных ресурсов (ИПР) ; Общество инженеров-нефтяников, международная некоммерческая организация, Студенческий чаптер ; под ред. А. Ю. Дмитриева.— , 2016
Т. 2.— 2016.— [С. 141-143]
Autor principal: Исупова А. А.
Autor corporatiu: Национальный исследовательский Томский политехнический университет (ТПУ) Институт природных ресурсов (ИПР) Кафедра геоэкологии и геохимии (ГЭГХ)
Altres autors: Ялалтдинова А. Р. Альбина Рашидовна (научный руководитель)
Sumari:Заглавие с экрана
Idioma:rus
Publicat: 2016
Col·lecció:Геоэкология, охрана и защита окружающей среды. Геоинформационные системы в геоэкологии
Matèries:
Accés en línia:http://earchive.tpu.ru/handle/11683/31855
Format: MixedMaterials Electrònic Capítol de llibre
KOHA link:https://koha.lib.tpu.ru/cgi-bin/koha/opac-detail.pl?biblionumber=619874

MARC

LEADER 00000naa2a2200000 4500
001 619874
005 20231101133101.0
035 |a (RuTPU)RU\TPU\conf\18325 
035 |a RU\TPU\conf\18324 
090 |a 619874 
100 |a 20160909d2016 k y0rusy50 ca 
101 0 |a rus 
102 |a RU 
105 |a y z 100zy 
135 |a drgn ---uucaa 
181 0 |a i  
182 0 |a b 
200 1 |a Применение метода лихеноиндикации для оценки качественного состояния атмосферного воздуха (на примере города Междуреченска)  |f А. А. Исупова  |g науч. рук. А. Р. Ялалтдинова 
203 |a Текст  |c электронный 
225 1 |a Геоэкология, охрана и защита окружающей среды. Геоинформационные системы в геоэкологии 
230 |a 1 компьютерный файл (pdf; 465 Kb) 
300 |a Заглавие с экрана 
320 |a [Библиогр.: с. 143 (10 назв.)] 
461 1 |0 (RuTPU)RU\TPU\conf\17456  |t Проблемы геологии и освоения недр  |o труды XX Международного симпозиума имени академика М. А. Усова студентов и молодых ученых, посвященного 120-летию со дня основания Томского политехнического университета, Томск, 4-8 апреля 2016 г.  |o в 2 т.  |f Национальный исследовательский Томский политехнический университет (ТПУ), Институт природных ресурсов (ИПР) ; Общество инженеров-нефтяников, международная некоммерческая организация, Студенческий чаптер ; под ред. А. Ю. Дмитриева  |d 2016 
463 1 |0 (RuTPU)RU\TPU\conf\17458  |t Т. 2  |v [С. 141-143]  |d 2016 
610 1 |a труды учёных ТПУ 
610 1 |a электронный ресурс 
610 1 |a лихеноиндикация 
610 1 |a атмосферный воздух 
610 1 |a Междуреченск 
610 1 |a лишайники 
610 1 |a мониторинг 
610 1 |a окружающая среда 
700 1 |a Исупова  |b А. А. 
702 1 |a Ялалтдинова  |b А. Р.  |c геохимик  |c инженер Томского политехнического университета  |f 1990-  |g Альбина Рашидовна  |2 stltpush  |4 727 
712 0 2 |a Национальный исследовательский Томский политехнический университет (ТПУ)  |b Институт природных ресурсов (ИПР)  |b Кафедра геоэкологии и геохимии (ГЭГХ)  |h 259  |2 stltpush  |3 (RuTPU)RU\TPU\col\18658 
801 2 |a RU  |b 63413507  |c 20160929  |g RCR 
856 4 |u http://earchive.tpu.ru/handle/11683/31855 
942 |c BK